000 00518nam a22001577a 4500
999 _c528971
_d528971
020 _qHard Cover.
082 _a621.001
100 _aRafiq, Sara
245 _aFormal Modeling and Analysis of Cell Cycle Regulator E2F1 and Micro RNA-223 in Acute Myeloid Leukemia /
_cSara Rafiq.
260 _aIslamabad:
_bRCMS - NUST.
_c2015.
300 _aix, 59 p. : ill. ;
_c30cm.
942 _2ddc
_cBK
650 _aMs Thesis.
_918721
700 _aDr. Jamil Ahmad.
_920158